| 000 | 00622nam a2200193 a 4500 | ||
|---|---|---|---|
| 001 | 671 | ||
| 003 | CDMR | ||
| 005 | 20130919114658.0 | ||
| 008 | 130130s2002||||||||||||||||||||||||||||d | ||
| 020 | _a8493038466 | ||
| 040 |
_aCDMR _bcat _cCPC GIRONA |
||
| 100 | 1 |
_aMaristany, Gerard _9512 |
|
| 245 | 1 | 0 |
_aDel desencant a la contrainformació _b: la premsa de barris a Barcelona 1976-2001 _cGerard Maristany i Albert Musons |
| 260 |
_bDiputació de Barcelona _aBarcelona |
||
| 260 |
_c2002 _bCol·legi de Periodistes de Catalunya |
||
| 490 | 0 |
_aVaixells de Paper _v28 |
|
| 700 | 1 |
_9299 _aMusons i Agell, Albert |
|
| 942 |
_cMON _2ddc |
||
| 999 |
_c671 _d671 |
||